<?xml version="1.0" encoding="UTF-8"?>
<record
    xmlns:xsi="http://www.w3.org/2001/XMLSchema-instance"
    xsi:schemaLocation="http://www.loc.gov/MARC21/slim http://www.loc.gov/standards/marcxml/schema/MARC21slim.xsd"
    xmlns="http://www.loc.gov/MARC21/slim">

  <leader>00603cam a22001931  4500</leader>
  <controlfield tag="001">ne 68003931 </controlfield>
  <controlfield tag="003">DLC</controlfield>
  <controlfield tag="005">20260227111848.0</controlfield>
  <controlfield tag="008">810922s1967    ua            000 0 arar </controlfield>
  <datafield tag="010" ind1=" " ind2=" ">
    <subfield code="a">ne 68003931 </subfield>
  </datafield>
  <datafield tag="025" ind1=" " ind2=" ">
    <subfield code="a">PL480:UAR-9576</subfield>
  </datafield>
  <datafield tag="035" ind1=" " ind2=" ">
    <subfield code="a">(OCoLC)7782730</subfield>
  </datafield>
  <datafield tag="040" ind1=" " ind2=" ">
    <subfield code="a">DLC</subfield>
    <subfield code="c">TU</subfield>
    <subfield code="d">TU</subfield>
    <subfield code="d">DLC</subfield>
  </datafield>
  <datafield tag="050" ind1="0" ind2="0">
    <subfield code="a">AC106</subfield>
    <subfield code="b">.A634 1967</subfield>
  </datafield>
  <datafield tag="100" ind1="1" ind2=" ">
    <subfield code="a">&#x2BB;Aqq&#x101;d, &#x2BB;Abb&#x101;s Ma&#x1E25;m&#x16B;d,</subfield>
    <subfield code="d">1889-1964.</subfield>
  </datafield>
  <datafield tag="245" ind1="1" ind2="0">
    <subfield code="a">Dir&#x101;s&#x101;t f&#x12B; al-madh&#x101;hib al-adab&#x12B;yah wa-al-ijtim&#x101;&#x2BB;&#x12B;yah.</subfield>
    <subfield code="c">[ta&#x2BC;l&#x12B;f] &#x2BB;Abb&#x101;s Ma&#x1E25;m&#x16B;d al-&#x2BB;Aqq&#x101;d.</subfield>
  </datafield>
  <datafield tag="260" ind1=" " ind2=" ">
    <subfield code="a">[al-Q&#x101;hirah]</subfield>
    <subfield code="b">Maktabat Ghar&#x12B;b</subfield>
    <subfield code="c">[1967]</subfield>
  </datafield>
  <datafield tag="300" ind1=" " ind2=" ">
    <subfield code="a">250 p.</subfield>
    <subfield code="c">24 cm.</subfield>
  </datafield>
  <datafield tag="999" ind1=" " ind2=" ">
    <subfield code="c">50883</subfield>
    <subfield code="d">50883</subfield>
  </datafield>
</record>
